000 00838cam a2200277 4500500
005 20260412000211.0
041 _afre
042 _adc
100 1 0 _aMalabou, Catherine
_eauthor
700 1 0 _aMartin, Guillaume
_eauthor
700 1 0 _aLacroix, Alexandre
_eauthor
245 0 0 _aCatherine Malabou-Guillaume Martin : progresser en roue libre ?
260 _c2024.
500 _a18
690 _aAmélioration
690 _aCatherine Malabou
690 _aCompétition
690 _aCorps
690 _aCyclisme
690 _aFriedrich Nietzsche
690 _aGuillaume Martin
690 _aHegel
690 _aProgrès
786 0 _nPhilosophie magazine | 181 | 7 | 2024-07-01 | p. 60-61 | 1951-1787
856 4 1 _uhttps://shs.cairn.info/magazine-philosophie-magazine-2024-7-page-60?lang=fr&redirect-ssocas=7080
999 _c2209396
_d2209396